Countries With the Most French Speakers With Exceptions - Statistics

General Stats
  • This quiz has been taken 588 times
  • The average score is 16 of 22
Answer Stats
# Speakers % Country % Correct
2,179,000 1.0 United States
94%
11,281,000 16 United Kingdom
90%
12,298,000 15 Germany
89%
11,797,000 20 Italy
89%
14,904,000 33 Algeria
88%
5,472,000 12 Spain
88%
13,457,000 36 Morocco
87%
6,321,000 52 Tunisia
80%
3,703,000 17 Mali
77%
3,363,000 13 Niger
76%
2,547,000 25 Portugal
75%
3,307,000 19 Netherlands
74%
947,000 3.0 Poland
72%
1,166,000 13 Austria
68%
656,000 13 Mauritania
63%
754,000 7.0 Greece
60%
845,000 8.0 Sweden
60%
5,404,000 24 Burkina Faso
57%
3,205,000 3.0 Egypt
57%
693,000 1.0 Vietnam
56%
2,282,000 12 Romania
54%
2,540,000 38 Lebanon
52%
No matching quizzes found
Score Distribution
Percent of People with Each Score
Percentile by Number Answered
Your Score History
You have not taken this quiz